Logos des clubs de football d'Afrique du Sud - Statistiques

Statistiques générales
  • Ce quiz a été pris 8 fois
  • Le résultat moyen est 8 sur 19
Statistiques - réponses
Par images Réponse % Correct
Kaizer Chiefs
88%
Orlando Pirates
88%
Mamelodi Sundowns
63%
Richards Bay
63%
Stellenbosch
63%
TS Galaxy
63%
Black Leopards
50%
Golden Arrows
50%
Siwelele
50%
Casric Stars
38%
Durban City
38%
Marumo Gallants
38%
Polokwane City
38%
AmaZulu
25%
Orbit College
25%
Cape Town City
13%
Chippa United
13%
Pretoria University
13%
Sekhukhune United
13%
Aucun quiz correspondant
Distribution des résultats
% des personnes avec chaque résultat
Percentile par nombre de réponses
Votre historique - résultats
Vous n’avez pas pris ce quiz